000 00278nam a2200121 a 4500
008 101026s1971|||| d
245 1 0 _aČierne na bielom
100 1 _aMarko, Miloš
260 _bPravda
_aBratislava
_c1971
044 _axo
_cSK
041 _aslo
020 _c17,50
999 _c12264
_d12264